LIBRARY & INFORMATION CENTRE, KCAET, TAVANUR

ONLINE PUBLIC ACCESS CATALOGUE (OPAC)

Principles and practices of agricultural structures and environmental control (Record no. 14799)

MARC details
000 -LEADER
fixed length control field 00357nam a22001337a 4500
020 ## - INTERNATIONAL STANDARD BOOK NUMBER
ISBN 9789327268884
082 ## - DEWEY DECIMAL CLASSIFICATION NUMBER
Classification number 628.1
Item number PAN/PR
100 ## - MAIN ENTRY--AUTHOR NAME
Personal name Pandey, P.H
245 ## - TITLE STATEMENT
Title Principles and practices of agricultural structures and environmental control
250 ## - EDITION STATEMENT
Edition statement 2nd rev
260 ## - PUBLICATION, DISTRIBUTION, ETC. (IMPRINT)
Place of publication Ludhiana
Name of publisher Kalyani Publishers
Year of publication 2014
300 ## - PHYSICAL DESCRIPTION
Number of Pages 494p
942 ## - ADDED ENTRY ELEMENTS (KOHA)
Koha item type Books
Holdings
Withdrawn status Lost status Damaged status Home library Current library Shelving location Date acquired Cost, normal purchase price Full call number Accession Number Koha item type Collection code Source of acquisition
      KAUAET KAUAET Scheme 28/03/2017 295.00 628.1 PAN/PR BB 447 Book Bank scheme for SC students    
      KAUAET KAUAET General Stacks 30/03/2017 295.00 628.1 PAN/PR 25412 Books   Vigyan Books, Delhi
      KAUAET KAUAET General Stacks 30/03/2017 295.00 628.1 PAN/PR 25413 Books   Vigyan Books, Delhi
free website counter